A Status review of alloy 800 : proceedings of a British Nuclear Energy Society conference at the University of Reading on 25 and 26 September 1974 /

Bibliographic Details
Corporate Author: British Nuclear Energy Society
Other Authors: Pugh, S. F. (Stanley Frederick), 1922-
Format: Book
Language:English
Subjects:

MARC

Tag First Indicator Second Indicator Subfields
LEADER 00000cam a2200000 a 4500
001 in00000048947
005 20151007075753.0
008 760116s1975 enka b 10000 engm
010 |a  76350195  
015 |a GB75-20960 
020 |a 0727700219 :  |c 97.50 
035 |a (OCoLC)01994232 
035 |9 AAF3781AM 
040 |a DLC  |c DLC  |d m.c.  |d TXA  |d UtOrBLW 
049 |a TXAM  |c [1197055] 
050 0 0 |a TA480 C5  |b  S7 
082 0 |a 621.48/332 
090 |a TA480 C5  |b  S7 1976 
245 0 2 |a A Status review of alloy 800 :  |b proceedings of a British Nuclear Energy Society conference at the University of Reading on 25 and 26 September 1974 /  |c edited by S.F. Pugh. 
264 0 |a London :  |b produced by AERE Harwell for the B.N.E.S.,  |c 1975 
264 3 |c  1976 printing 
300 |a xviii, 371 pages :  |b illustrations ;  |c 30 cm. 
336 |a text  |b txt  |2 rdacontent 
337 |a unmediated  |b n  |2 rdamedia 
338 |a volume  |b nc  |2 rdacarrier 
504 |a Includes bibliographical references. 
650 0 |a Chromium-iron-nickel alloys  |x Congresses. 
700 1 |a Pugh, S. F.  |q (Stanley Frederick),  |d 1922- 
710 2 |a British Nuclear Energy Society. 
999 |a MARS 
999 f f |s 0d84595a-74c6-318f-9ba9-1eca9e6dd5b0  |i 30623222-8734-3261-b6aa-21178c5f7a24  |t 0 
952 f f |p ric  |a Texas A&M University  |b Rellis Campus  |c Joint Library Facility  |d Remote Storage  |t 0  |e TA480 C5 S7 1976  |h Library of Congress classification  |i unmediated -- volume  |m A14805943098 
998 f f |a TA480 C5 S7 1976  |t 0  |l Remote Storage